000 00579nam a2200169Ia 4500
005 20250721200114.0
008 250721s9999 xx 000 0 und d
020 _a9780521022484
082 _a942.0360924
_bHAI
100 _aHaines, Roy Martin
245 4 _aThe Church and Politics in Fourteenth-century England
260 _bCambridge University Press
_c1978
300 _a326 pages
500 _aThis book offers an analysis of the role played by Adam Orleton, promoted successively Bishop of Hereford, Worcester and Winchester.
650 _aBishops
942 _cENGLISH
999 _c576820
_d576820